000 00737cam a2200205 a 4500
020 _a9780071446419 (alk. paper)
082 0 0 _a629.136
_bHOR
_cMCE
100 _aHoronjeff, Robert
_913581
245 0 0 _aPlanning and design of airports /
_cRobert Horonjeff ... [et al.].
250 _a5th ed.
260 _aNew York :
_bMcGraw-Hill,
_c2010.
300 _axvii, 670 p. :
_bill., maps, charts ;
_c24 cm.
500 _aRev. ed. of: Planning and design of airports / Robert Horonjeff, Francis X. McKelvey. 1994.
526 _a0
_b0
_c0
_d629_136000000000000_HOR
526 _a0
_b0
_c0
650 0 _aAirports
_xDesign and construction.
_919584
650 0 _aAirports
_xPlanning.
_97047
700 1 _aHoronjeff, Robert.
_913581
942 _2ddc
_cBK
999 _c553588
_d553588